Bilinmeyen İstanbul : bir Bulgar seyyahın gözüyle TEST (Record no. 568794)
[ view plain ]
| 000 -LEADER | |
|---|---|
| sabit uzunluktaki kontrol alanı | 01043nam a22002177a 4500 |
| 001 - KONTROL NUMARASI | |
| kontrol alanı | 568794 |
| 003 - KONTROL NUMARASI TANIMLAYICI | |
| kontrol alanı | Konya_Okul_Kütüphaneleri |
| 005 - EN SON İŞLEMİN TARİH VE ZAMANI | |
| kontrol alanı | 20250528175134.0 |
| 008 - SABİT-UZUNLUKTA VERİ ÖĞELERİ--GENEL BİLGİ | |
| sabit uzunluktaki kontrol alanı | 250528b |||||||| |||| 00| 0 eng d |
| 020 ## - ULUSLARARASI STANDART KİTAP NUMARASI | |
| Uluslararası Standart Kitap Numarası | 9786059492560 |
| 040 ## - KATALOGLAMA KAYNAĞI | |
| Kataloglama dili | tur |
| Transkripsiyon birimi | Boğaziçi Üniversitesi |
| Açılama kuralları | RDA |
| 050 ## - KONGRE KÜTÜPHANESİ YER NUMARASI | |
| Sınıflama numarası | DR721 .D3819 2018 |
| 100 ## - TEMEL GİRİŞ--KİŞİ ADI | |
| Kişi adı | Datcheff, Peter. Author. |
| 245 ## - ESER / YAZAR | |
| ESER ADI | Bilinmeyen İstanbul : bir Bulgar seyyahın gözüyle TEST |
| 260 ## - YAYIN, DAĞITIM, VB. | |
| Basım, dağıtım yeri, vb. | İstanbul Büyükşehir Belediyesi Kültür A.Ş. Yayınları. |
| 300 ## - FİZİKSEL AÇIKLAMA | |
| Kapsam | 159 pages : illustrations ; 21 cm. |
| 520 ## - ÖZET, VB. | |
| Özet, vb. | 19.yüzyılda ister diplomatik bir görevle, ister kendi hesabına doğuya seyahat eden gezginler bize, batılıların zihniyetini yansıtan ve dönemin birçok bakımdan anlaşılmasını sağlayan önemli malzemeler bırakmışlardır.<br/> |
| 650 ## - KONU EK GİRİŞİ--KONU TERİMİ | |
| Başlık veya terimin kaynağı | İstanbul (Turkey) |
| Konu terimi veya coğrafi ad giriş öğesi | History. İstanbul (Turkey |
| Form alt bölümü | Description and travel. |
| 700 ## - EK GİRİŞ--KİŞİ ADI | |
| Kişi adı | Mevsim, Hüseyin. Translator. Kaptaner, Kemal. Publishing director. Dalgalı, Fatih. Editor. |
| 942 ## - EK GİRİŞ ELEMANLARI (KOHA) | |
| Sınıflandırma Kaynağı veya raf şeması | Kongre Kütüphanesi Sınıflaması |
| Koha materyal türü | Books |
| 942 ## - EK GİRİŞ ELEMANLARI (KOHA) | |
| OPAC içinde bastırmak | Hayır |
| Düşüm durumu | Kayıp durumu | Sınıflandırma Kaynağı veya raf şeması | Hasar Durumu | Ödünç verilmez | Ana kütüphane | Geçerli Kütüphane | Edinilen tarih | Toplam ödünç verme sayısı | Son görüntüleme tarihi | Fiyatın geçerli olmaya başladığı tarih | Koha materyal türü |
|---|---|---|---|---|---|---|---|---|---|---|---|
| Dewey Ondalık Sınıflama | KÜTÜPHANE MÜDÜRLÜĞÜ | KÜTÜPHANE MÜDÜRLÜĞÜ | 28.05.2025 | 28.05.2025 | 28.05.2025 | Books |